IMPACTO DE LA REVOLUCION MEXICANA (Registro nro. 56903)
[ vista simple ]
| 000 -LEADER | |
|---|---|
| fixed length control field | 01042nam a2200217 a 4500 |
| 001 - CONTROL NUMBER | |
| control field | 56903 |
| 005 - DATE AND TIME OF LATEST TRANSACTION | |
| control field | 20180714052900.0 |
| 008 - FIXED-LENGTH DATA ELEMENTS--GENERAL INFORMATION | |
| fixed length control field | 140415s2010 mx 000 0 spa d |
| 020 ## - INTERNATIONAL STANDARD BOOK NUMBER | |
| International Standard Book Number | 9786070302503 |
| 041 ## - LANGUAGE CODE | |
| Language code of text/sound track or separate title | spa |
| 082 ## - DEWEY DECIMAL CLASSIFICATION NUMBER | |
| Classification number | 972.061 |
| Item number | GAL |
| 245 00 - TITLE STATEMENT | |
| Title | IMPACTO DE LA REVOLUCION MEXICANA |
| 250 ## - EDITION STATEMENT | |
| Edition statement | 1a ed. |
| 260 ## - PUBLICATION, DISTRIBUTION, ETC. | |
| Place of publication, distribution, etc. | MEXICO : |
| Name of publisher, distributor, etc. | SENADO DE LA REPUBLICA, |
| Date of publication, distribution, etc. | 2010 |
| 300 ## - PHYSICAL DESCRIPTION | |
| Extent | 378 |
| Dimensions | 14 x 1.5 x 20.9 |
| 490 ## - SERIES STATEMENT | |
| Series statement | BIBLIOTECA MEXICANA |
| 500 ## - GENERAL NOTE | |
| General note | GALEANA, PATRICIA; ES COORDINADORA DEL TEXTO |
| 520 ## - SUMMARY, ETC. | |
| Summary, etc. | LA COMISION ESPECIAL ENCARGADA DE LOS FESTEJOS DEL BICENTENARIO DE LA INDEPENDENCIA Y DEL CENTENARIO DE LA REVOLUCION DEL SENADO DE LA REPUBLICA PRESENTA AL PUBLICO LECTOR UNA OBRA DESTINADA A SERVIR DE REFERENTE A QUIEN SE INTERESE EN CONOCER EL PROCESO DE LA PRIMAVERA REVOLUCION SOCIAL DEL SIGLO XX |
| 650 14 - SUBJECT ADDED ENTRY--TOPICAL TERM | |
| Topical term or geographic name entry element | MEXICO |
| General subdivision | HISTORIA |
| -- | REVOLUCION, 1910 |
| -- | 1917 |
| -- | MEXICO |
| -- | HISTORIA |
| -- | REVOLUCION |
| -- | AMERICA LATINA |
| -- | MEXICO |
| -- | HISTORIA |
| -- | REVOLUCION |
| -- | ASPECTOS SOCIALES |
| 700 1# - ADDED ENTRY--PERSONAL NAME | |
| Personal name | Galeana de Valadés, Patricia |
| Relator term | coaut. |
| Withdrawn status | Lost status | Source of classification or shelving scheme | Damaged status | Not for loan | Collection code | Home library | Current library | Shelving location | Date acquired | Source of acquisition | Inventory number | Total Checkouts | Full call number | Barcode | Date last seen | Date last checked out | Price effective from | Koha item type |
|---|---|---|---|---|---|---|---|---|---|---|---|---|---|---|---|---|---|---|
| Dewey Decimal Classification | General | Biblioteca Karol Wojtyla | Biblioteca Karol Wojtyla | Sala general | 03/12/2013 | Compra | 151000000000000000037818 | 1 | 972.061 GAL | 86009 | 05/01/2026 | 13/04/2024 | 03/12/2013 | Libro |